Electronic properties (Record no. 16117)

000 -LEADER
fixed length control field 00629nam a22002417a 4500
001 - CONTROL NUMBER
control field 16117
003 - CONTROL NUMBER IDENTIFIER
control field BD-DhUET
008 - FIXED-LENGTH DATA ELEMENTS--GENERAL INFORMATION
fixed length control field 150318b xxu||||| |||| 00| 0 eng d
040 ## - CATALOGING SOURCE
Original cataloging agency DLC
Transcribing agency DLC
Modifying agency BD-DhUET
082 ## - DEWEY DECIMAL CLASSIFICATION NUMBER
Classification number 537
Item number ROS/1966
100 ## - MAIN ENTRY--PERSONAL NAME
Personal name Rose, Robert M.
245 ## - TITLE STATEMENT
Title Electronic properties
250 ## - EDITION STATEMENT
Edition statement 1st ed.
260 ## - PUBLICATION, DISTRIBUTION, ETC. (IMPRINT)
Place of publication, distribution, etc. New York
Name of publisher, distributor, etc. John Wiley & Sons
Date of publication, distribution, etc. 1966
300 ## - PHYSICAL DESCRIPTION
Extent x, 306 p.
Other physical details ill.
490 ## - SERIES STATEMENT
Series statement Structure and properties of materials
500 ## - GENERAL NOTE
General note Volume - IV
504 ## - BIBLIOGRAPHY, ETC. NOTE
Bibliography, etc Includes bibliographies
650 #0 - SUBJECT ADDED ENTRY--TOPICAL TERM
Topical term or geographic name as entry element Matter-Properties
700 ## - ADDED ENTRY--PERSONAL NAME
Personal name Shepard, Lawrence A.
700 ## - ADDED ENTRY--PERSONAL NAME
Personal name Wullf, John
942 ## - ADDED ENTRY ELEMENTS (KOHA)
Koha item type General Book
Holdings
Source of classification or shelving scheme Damaged status Piece designation (barcode) Withdrawn status Koha full call number Shelving location Date acquired Sublocation or collection (holding branch) Koha date last borrowed Copy number Koha item type Koha date last seen Price effective from Location (home branch) Koha issues (times borrowed) Not for loan Koha normalized classification for sorting Lost status
  35790 537/ROS/1966Circulation section2015-03-18Central Library, BUET 1General Book2015-03-182015-03-18Central Library, BUET  537_000000000000000_ROS_1966 
  35789 537/ROS/1966Circulation section2015-03-18Central Library, BUET 2General Book2015-03-182015-03-18Central Library, BUET  537_000000000000000_ROS_1966 
  35242 537/ROS/1966Circulation section2015-03-18Central Library, BUET 3General Book2015-03-182015-03-18Central Library, BUET  537_000000000000000_ROS_1966 
  35786  537/ROS/1966Circulation section2015-03-19Central Library, BUET2022-06-155General Book2022-06-222015-03-19Central Library, BUET1 537_000000000000000_ROS_1966 
  21013 537/ROS/1966Circulation section2015-03-19Central Library, BUET 6General Book2015-03-192015-03-19Central Library, BUET  537_000000000000000_ROS_1966 
  35788 537/ROS/1966Circulation section2015-04-30Central Library, BUET 7General Book2015-04-302015-04-30Central Library, BUET  537_000000000000000_ROS_1966